[Event "Niedersachsen-ch"]
[Site "Verden"]
[Date "2006.01.05"]
[Round "2"]
[White "Pfeifer, Frank"]
[Black "Menke, Niklas"]
[Result "1-0"]
[WhiteElo "1661"]
[BlackElo "1111"]
[PlyCount "33"]
[EventDate "2006.01.??"]
[EventType "swiss"]
[EventRounds "7"]
[EventCountry "GER"]
[SourceTitle "CBM 110 Extra"]
[Source "ChessBase"]
[SourceDate "2006.03.10"]
[SourceVersion "2"]
[SourceVersionDate "2006.03.10"]
[SourceQuality "1"]

1. e4 e5 2. f4 Nc6 3. Nf3 Bc5 4. fxe5 d5 5. Nc3 dxe4 6. Nxe4 Bb6 7. c3 Bg4 8. d4 Ba5 9. b4 Bb6 10. Bc4 a5 11. b5 Na7 12. 0-0 c6 13. Nd6+ Kf8 14. Ba3 Qd7 15. Nxf7+ Ke8 16. Nxh8 cxb5 17. Bxg8 1-0